| 000 | 00977nam a22002775i 4500 | ||
|---|---|---|---|
| 001 | 169542 | ||
| 003 | ES-MaACL | ||
| 005 | 20250920063110.0 | ||
| 008 | 081009s1965 sp |||| | spa d | ||
| 080 | _a342.721 | ||
| 080 | _a321.7(04) | ||
| 080 | _a342.7-055.2 | ||
| 100 | 1 |
_aMill, John Stuart, _d1806-1873 _981119 |
|
| 245 | 1 | 0 |
_aDe la libertad ; Del gobierno representativo ; La esclavitud femenina / _cJohn Stuart Mill ; introducción por Pablo Lucas Verdú ; revisión y traducción de Marta C.C. de Iturbe. |
| 260 |
_aMadrid : _bTecnos, _c1965. |
||
| 300 |
_a458 p. ; _c24 cm. |
||
| 490 | 1 | _aColección "Res Publica" | |
| 650 | 1 | 4 |
_aLibertad. _914400 |
| 650 | 4 |
_aGobierno representativo. _9138674 |
|
| 650 | 0 | 4 |
_aMujeres- _xDerechos _915263 |
| 700 | 1 |
_aLucas Verdú, Pablo. _974549 |
|
| 700 | 1 |
_aIturbe, Marta, C.C. de. _9138675 |
|
| 830 | 0 |
_aColección "Res Publica" _9222848 |
|
| 852 |
_aES-MaACL _jC-27188 _9R.56087 |
||
| 999 |
_c169542 _d169542 |
||